| 000 | 01017cam a2200277 4500 | ||
|---|---|---|---|
| 002 | ##2227 | ||
| 008 | 090401t1995 xxu||||| |||| 00| 0 eng d | ||
| 020 | _a0854066934 | ||
| 035 | _a(Sirsi) u61983 | ||
| 041 | 0 | _aeng | |
| 050 | 0 | 4 | _a346.4104343 $2 18 |
| 090 | _aRICS 1995/77ABCD | ||
| 110 | 2 |
_aRoyal Institution of Chartered Surveyors _bCommercial Property Management Skills Panel _94496 |
|
| 245 | 0 | 0 | _aHandling tenant's applications for approval to alterations |
| 260 |
_aLondon _bRICS _c1995 |
||
| 300 |
_a17p. _c30cm. |
||
| 350 | _a6.50 | ||
| 490 | 0 | _aRICS Guidance Note | |
| 490 | 0 | _aRICS Conditions of Engagement | |
| 520 | _aOutlines best practice procedures and includes a model agreement for when a tenant applies for consent to make alterations to a leased property. | ||
| 520 | _aUnder review 1 August 2006. | ||
| 651 | 4 |
_aEngland and Wales _y1543- |
|
| 690 | _aPROPERTY-COMMERCIAL PROPERTY-LEASEHOLD COMMERCIAL PROPERTY-COMMERCIAL LANDLORD AND TENANT | ||
| 942 | _n0 | ||
| 948 | _c04/03/1997 | ||
| 999 |
_c94363 _d94363 |
||